000 00615nas a2200217 4500
001 BR9101199
003 BR-BrBNA
005 20231205091953.0
007 ta
008 230509b bl.|||p| |||| 00| 00por d
040 _aBR-BrBNA
_bpor
_cBiblioteca Nacional de Agricultura
041 _a(Pt)
072 _aF01
100 1 _aKampf, A.N.
245 1 _aVale a pena cultivar: Anturio
650 _aANTURIO
650 _aPRATICA CULTURAL
773 0 _tLavoura Arrozeira (Brazil)
_xISSN 0023-9143
_g(Nov-Dec 1984), v. 37(355) p. 38-39
_wBR9101199
909 _a202311
_bLúcia
_c55
_dLúcia Elande
942 _2AGRIS
_n0
_cANA
999 _c128437
_d128437